Future homes commission (Record no. 113232)

MARC details
000 -LEADER
fixed length control field 01286cad a22002175a 4500
001 - CONTROL NUMBER
control field L154916
008 - FIXED-LENGTH DATA ELEMENTS--GENERAL INFORMATION
fixed length control field 120201s2011 xxk f 000 0 eng d
035 ## - SYSTEM CONTROL NUMBER
System control number (Sirsi) u154916
041 0# - LANGUAGE CODE
Language code of text/sound track or separate title eng
110 2# - MAIN ENTRY--CORPORATE NAME
Corporate name or jurisdiction name as entry element Royal Institute of British Architects
9 (RLIN) 2527
245 00 - TITLE STATEMENT
Title Future homes commission
Remainder of title call for evidence
Medium [electronic resource]
260 ## - PUBLICATION, DISTRIBUTION, ETC.
Place of publication, distribution, etc. [S.l.]
Name of publisher, distributor, etc. RIBA
Date of publication, distribution, etc. 2011
520 ## - SUMMARY, ETC.
Summary, etc. The Future Homes Commission has been tasked with conducting an inquiry into the quality of newly built housing with the aim of understanding how people live today, what they need and expect from their homes and whether the design and delivery of new homes is fit for purpose. The Future Homes Commission will make recommendations to government, the housebuilding industry, architects and the RIBA and is expected to issue its final report in the autumn of 2012. The deadline for responses is Friday 23 March 2012.
521 ## - TARGET AUDIENCE NOTE
Target audience note Advanced
590 ## - LOCAL NOTE (RLIN)
Local note KA NTK
651 #4 - SUBJECT ADDED ENTRY--GEOGRAPHIC NAME
Geographic name United Kingdom
Chronological subdivision
690 ## - LOCAL SUBJECT ADDED ENTRY--TOPICAL TERM (OCLC, RLIN)
Topical term or geographic name as entry element Design and specification
690 ## - LOCAL SUBJECT ADDED ENTRY--TOPICAL TERM (OCLC, RLIN)
Topical term or geographic name as entry element Residential property
9 (RLIN) 6266
856 40 - ELECTRONIC LOCATION AND ACCESS
Uniform Resource Identifier <a href="https://www.architecture.com/HomeWise/FutureHomesCommission/FutureHomesCommission.aspx">https://www.architecture.com/HomeWise/FutureHomesCommission/FutureHomesCommission.aspx</a>
Public note View the PDF for the full consultation questions and instructions on how to respond here www.architecture.com
942 ## - ADDED ENTRY ELEMENTS (KOHA)
Suppress in OPAC 0
Holdings
Withdrawn status Lost status Source of classification or shelving scheme Damaged status Not for loan Home library Current library Shelving location Date acquired Total Checkouts Full call number Barcode Date last seen Copy number Price effective from Koha item type
    Dewey Decimal Classification     Virtual Virtual Online 01/02/2012   ONLINE PUBLICATION 154916-2001 06/08/2019 1 06/08/2019 Book